|
|
|
|
| LEADER |
00000nam0a2200000 4500 |
| 001 |
30680 |
| 005 |
20231101210004.0 |
| 010 |
|
|
|a 9660306733
|
| 010 |
|
|
|a 5-237-04137-X
|
| 035 |
|
|
|a (RuTPU)RU\TPU\book\30954
|
| 035 |
|
|
|a BOOK00031031
|
| 090 |
|
|
|a 30680
|
| 100 |
|
|
|a 20011209d2000 m y0rusy50 ca
|
| 101 |
1 |
|
|a rus
|c ger
|
| 102 |
|
|
|a UA
|a RU
|
| 105 |
|
|
|a y z 000ay
|
| 200 |
1 |
|
|a Афоризмы; Письмо к отцу; Письма
|e пер. с нем.
|f Ф. Кафка
|
| 210 |
|
|
|a Харьков
|a Москва
|c Фолио
|c АСТ
|d 2000
|
| 215 |
|
|
|a 400 с.
|
| 225 |
1 |
|
|a Вершины. Коллекция
|
| 330 |
|
|
|a В книгу включены афоризмы и письма известного австрийского писателя Ф.Кафки. Все это неповторимая, поэтическая проза, помогающая постичь Кафку как художника и как человека. Завершают книгу "Разговоры с Францем Кафкой" чешского музыканта и литератора Г.Яноуха.
|
| 610 |
1 |
|
|a афоризмы
|
| 610 |
1 |
|
|a письма
|
| 675 |
|
|
|a 83
|v 3
|
| 700 |
|
1 |
|a Кафка
|b Ф.
|c австрийский писатель
|f 1883-1924
|g Франц
|2 stltpush
|3 (RuTPU)RU\TPU\pers\494
|9 235
|
| 801 |
|
0 |
|a UA
|b 63413507
|c 20011209
|g PSBO
|
| 801 |
|
2 |
|a RU
|b 63413507
|c 20180620
|g PSBO
|
| 942 |
|
|
|c BK
|